000 00476nam a2200145Ia 4500
003 OSt
005 20260128093837.0
008 211028s2017 xx 000 0 und d
040 _cAIMIT LIBRARY
041 _aeng
100 _aD Silva, Ronica; D Souza, Rayan.
_g1516129
_97704
245 _aInfluence of employees self efficacy on their quality of work life at TML drivelines (A Tata enterprise) Jamshedpur /
260 _aMangalore
_bRayan D Souza.
_c2017
942 _2ddc
_cPRO
999 _c219272
_d219272